000 00438nam a2200157Ia 4500
003 OSt
005 20200630151707.0
008 190216s9999||||xx |||||||||||||| ||und||
040 _coclc
082 _a901.9
_bDEV/S
100 _aDev, Arjun
_92326
245 4 _aThe Story Of The Civilization /
_cArjun Dev
260 _bS Chand & Co,
_aNew Delhi:
300 _a192p
942 _cBK
_2ddc
_h901.9
_iDEV/S
_k901.9
_mDEV/S
999 _c20083
_d20083